000 01010nam a2200217Ia 4500
999 _c34893
_d34893
001 716
003 GE_BSU
005 20210222130155.0
008 181216s2005||||ge |||||||||||||| ||geo||
040 _cGE_BSU
041 _ageo
080 _a2(03)(038) მ–66
100 _aმიმინოშვილი,ოთარ
_910180
245 _aრელიგიის ისტორიის მცირე განმარტებითი ლექსიკონი :
_bსალექციო კურსი /
_cმიმინოშვილი, ოთარ; ციხელაშვილი, რობინზონ.
264 _aთბილისი :
_bჰარმონი,
_c2005.
300 _a42 გვ.
653 _aმცირე განმარტებითი ლექსიკონი
653 _aრელიგიის ისტორია
700 _aციხელაშვილი, რობინზონ
_eავტორი
_910181
942 _cBK
_2udc